000 00723nam a2200205Ii 4500
003 JO-AjNU
008 230605s9999||||xx |||||||||||||| ||und||
040 _aJO-AjNU
_bara
_erda
_cJO-AjNU
041 _aara
050 1 4 _aLB1062.J356 2005
100 3 _aجمل،محمد جهاد ,
_eauthor
_922534
245 0 0 _aتنمية مهارات التفكير الإبداعي
250 _aط1
264 3 1 _aالعين:دار الكتاب الجامعي،2005
300 _a227ص
336 _atext
_btxt
_2rdacontent
337 _aunmediated
_bn
_2rdamedia
338 _avolume
_bnc
_2rdacarrier
650 4 _a فكر وتفكير-تدريس-أساليب. إبداع (علم نفس)-مناهج تربوية-تخطيط.
_922535
999 _aA8015
_c11583
_d11583